00386 2200145 4500001002100000008004100021035002000062245005800082100001900140260003600159300001000195084001400205650001200219990000900231INLIS000000000004357 ind  a0010-0723000842 aMencari Sisik NagabMencari Sisik NagacGelar Soetopo aSoetopo, Gelar aJakartabPT KUARK INTERNASIONAL a42hal a038 MEN g aDongeng a4458